000 02456cam a22004694i 4500
003 PE-LiUPU
005 20250731173406.0
008 150706s2008 miub r 000 0 spa d
020 _a9780825415739
035 _a(Sirsi) i9780825415739
040 _aPE-LiUPU
_bspa
_cPE-LiUPU
_erda
049 _aPRUA
082 0 4 _a220.601
_bP51
_221
100 1 _aPhillips, John,
_d1946- ,
_eautor.
245 1 0 _aCómo entender e interpretar la Biblia :
_buna introducción a la hermenéutica /
_cJohn Phillips.
264 1 _aMichigan :
_bPortavoz,
_c2008.
300 _a272 páginas :
_bilustraciones ;
_c22 centímetros
336 _atext
_2rdacontent
337 _aunmediated
_2rdamedia
338 _avolume
_2rdacarrier
505 0 _aHermenéutica -- La regla de oro -- Estudiar las palabras de las Escrituras -- Figuras retóricas en las Escrituras -- La importancia de la cultura -- La interpretación alegórica -- La regla de aplicación -- Los símbolos de la Biblia -- La ley del contexto -- El principio de la visión general -- La importancia de la estructura -- Las dispensaciones -- Los pactos -- Cosas que difieren -- La regla de la oscuridad -- Interpretación de tipos -- Interpretación de parábolas -- Interpretación de profecías -- Las leyes de la mención -- La regla devocional -- Los números en la Biblia -- Los nombres en la Biblia -- Cristo, la última clave -- Ayudas -- Una visión general de la Biblia -- Una armonía de los evangelios -- Un resumen de historia bíblica -- Los símbolos en la Biblia -- Un resumen de nombres bíblicos -- Libros útiles para el estudio.
526 _aSEG42
526 _aSEG41
526 _aSEG40
526 _aSEG39
526 _aP94
526 _aP87
526 _aP86
526 _aP85
526 _aP77
526 _aP76
526 _aP35
541 _g001-001091;
630 _aBiblia
_vGuías, manuales, etc.
650 0 4 _aHermenéutica bíblica.
910 _agl
_bjv
_clch
_d20110818
942 _2ddc
_cBOOK
949 _a220.601 P51
_wDEWEY
_c1
_i63302
_lCCODEBUL1
_mBUL
_p13.00
_r0
_sY
_tBOOK
_u2015-7-6
_xTEOLOGIA
_PP35
_o.STAFF. Colección General
994 _aC0
_bPEPRU
596 _a1
999 _a220.601 P51
_wDEWEY
_c52303
_i63302
_d52303
_e2019-6-10
_f2021-11-9
_g5
_lCCODEBUL1
_mBUL
_n10
_p13.00
_q7
_r0
_sY
_tBOOK
_u2015-7-6
_xTEOLOGIA
_PP35
_0COMPRA
_o.STAFF. Colección Teología
980 _81
_gALBERTO SANCHEZ Responsable de Automatización